000 00698nam a2200193 a 4500
003 0
005 20250411100024.0
008 060801s19uu xx 00 eng d
050 _aPHS HD 8039.R53
_b.G69 2006
100 _aGozon, Arvin C.
245 _aFactors that affect the hopes and aspirations of cycle rickshaw drivers /
_cArvin C. Gozon.
260 _aLas PiƱas City, Philippines :
_bSouthville International School and Colleges,
_c2006.
300 _a26 pages ;
_c28 cm.
504 _aIncludes bibliographical references.
650 _aRickshaw drivers
_vEconomic conditions.
650 _aRickshaw drivers
_vSocial conditions.
650 _aOccupational aspirations.
942 _2lcc
_cPASS
999 _c97611
_d97611